| 000 | 00443cam a2200169ua 4500 | ||
|---|---|---|---|
| 003 | OSt | ||
| 005 | 20260213112809.0 | ||
| 008 | 260213b |||||||| |||| 00| 0 eng d | ||
| 020 | _a92-5-100756-X | ||
| 041 | _aeng | ||
| 082 |
_a631.47 _bFOO/SO |
||
| 245 | _aSoil survey investigation for irrigation / | ||
| 250 | _a1 / | ||
| 260 |
_aRome : _bFood and Agriculture organization of United Nations , _c1986. |
||
| 300 | _a188 ; . | ||
| 942 | _cBK | ||
| 999 |
_c8667 _d8667 |
||